Επαγγελματικές Αθλητικές Ομάδες Αττικής - Statistics

General Stats
  • This quiz has been taken 18 times
    17 since last reset
  • The average score is 21 of 31
Answer Stats
Άθλημα Ομάδα % Correct
Ποδόσφαιρο ΑΕΚ
100%
Ποδόσφαιρο Ολυμπιακός
100%
Ποδόσφαιρο Παναθηναϊκός
100%
Μπάσκετ ΑΕΚ
100%
Μπάσκετ Ολυμπιακός
100%
Μπάσκετ Παναθηναϊκός
100%
Βόλεϊ Ολυμπιακός
100%
Βόλεϊ Παναθηναϊκός
100%
Χάντμπολ ΑΕΚ
100%
Χάντμπολ Ολυμπιακός
100%
Πόλο ΑΕΚ
100%
Πόλο Ολυμπιακός
100%
Πόλο Παναθηναϊκός
100%
Μπάσκετ Πανιώνιος
88%
Πόλο Πανιώνιος
88%
Ποδόσφαιρο Ατρόμητος
82%
Ποδόσφαιρο Καλλιθέα
65%
Μπάσκετ Περιστέρι
59%
Πόλο Περιστέρι
59%
Μπάσκετ Μαρούσι
53%
Πόλο Απόλλων Σμύρνης
53%
Πόλο Εθνικός
47%
Βόλεϊ Κηφισιά
41%
Πόλο Γλυφάδα
41%
Πόλο Βουλιαγμένη
35%
Χάντμπολ Ιωνικός Νέας Φιλαδέλφειας
29%
Χάντμπολ Δούκας
24%
Χάντμπολ Βριλήσσια
18%
Πόλο Παλαιό Φάληρο
18%
Πόλο Υδραϊκός
18%
Βόλεϊ Φλοίσβος Παλαιού Φαλήρου
12%
No matching quizzes found
Score Distribution
Percent of People with Each Score
Percentile by Number Answered
Your Score History
You have not taken this quiz since the last reset